Le droit constitutionnel de la Belgique / (Record no. 110127)

MARC details
000 -LEADER
campo de control de longitud fija 00585nam a2200169 4500
001 - NÚMERO DE CONTROL
campo de control 110127
003 - IDENTIFICADOR DE NÚMERO DE CONTROL
campo de control ES-MaACL
005 - FECHA Y HORA DE LA ÚLTIMA TRANSACCIÓN
campo de control 20230906185000.0
007 - CAMPO FIJO DE DESCRIPCIÓN FÍSICA--INFORMACIÓN GENERAL
campo de control de longitud fija t|
008 - DATOS DE LONGITUD FIJA--INFORMACIÓN GENERAL
campo de control de longitud fija 061121s1906 be r ||||1| fre d
100 1# - ENTRADA PRINCIPAL--NOMBRE DE PERSONA
Nombre de persona Orban, O.
9 (RLIN) 87148
245 13 - MENCIÓN DEL TÍTULO
Título Le droit constitutionnel de la Belgique /
Mención de responsabilidad, etc. O. Orban.
260 ## - PUBLICACIÓN, DISTRIBUCIÓN, ETC.
Lugar de publicación, distribución, etc. Liège :
Nombre del editor, distribuidor, etc. H.Dessani,
Fecha de publicación, distribución, etc. 1906.
300 ## - DESCRIPCIÓN FÍSICA
Extensión 3 v. ;
Dimensiones 22 cm.
505 8# - NOTA DE CONTENIDO CON FORMATO
Nota de contenido con formato Contiene: T. I. Introduction et theories fundamentales -- T. II. Les pouvoirs de l' Etat -- T. III. Libertés constitutionnelles et principes de législation
852 ## - LOCALIZACIÓN
Ubicación ES-MaACL
Número de control de estantería F-4441-43
Holdings
Estatus retirado Estado de pérdida Estado de daño No para préstamo Biblioteca de origen Biblioteca actual Ubicación en estantería Fecha de adquisición Fuente de adquisición Total de préstamos Signatura topográfica completa Código de barras Visto por última vez Precio de reemplazo Tipo de ítem Koha
        Biblioteca del Ateneo de Madrid Biblioteca del Ateneo de Madrid Depósito 2 17/01/2008     F-4441-43 1114896 23/02/2023 23/02/2023 Libro impreso